| 000 -LEADER |
| fixed length control field |
03422cam a22002778i 4500 |
| 003 - CONTROL NUMBER IDENTIFIER |
| control field |
OSt |
| 005 - DATE AND TIME OF LATEST TRANSACTION |
| control field |
20200317125909.0 |
| 008 - FIXED-LENGTH DATA ELEMENTS--GENERAL INFORMATION |
| fixed length control field |
180312s2018 nju b 001 0 eng |
| 020 ## - INTERNATIONAL STANDARD BOOK NUMBER |
| International Standard Book Number |
9781119231424 (hardback) |
| 040 ## - CATALOGING SOURCE |
| Original cataloging agency |
DLC |
| Language of cataloging |
eng |
| Description conventions |
rda |
| Transcribing agency |
DLC |
| 082 00 - DEWEY DECIMAL CLASSIFICATION NUMBER |
| Classification number |
307.141 |
| Edition number |
23 |
| Item number |
WIL |
| 084 ## - OTHER CLASSIFICATION NUMBER |
| Classification number |
BUS072000 |
| Source of number |
bisacsh |
| 245 00 - TITLE STATEMENT |
| Title |
Building urban resilience through change of use / |
| Statement of responsibility, etc |
edited by Sara J Wilkinson, University of Technology Sydney, Sydney, Hilde Remøy, Delft University of Technology, GA. Wiley |
| 263 ## - PROJECTED PUBLICATION DATE |
| Projected publication date |
1805 |
| 300 ## - PHYSICAL DESCRIPTION |
| Extent |
pages cm. |
| 490 0# - SERIES STATEMENT |
| Series statement |
Innovation in the built environment |
| 504 ## - BIBLIOGRAPHY, ETC. NOTE |
| Bibliography, etc |
Includes bibliographical references and index. |
| 520 ## - SUMMARY, ETC. |
| Summary, etc |
"Describes all aspects of sustainable conversion adaptation of existing buildings and provides solutions for making urban settlements resilient to climate change This comprehensive book explores the potential to change the character of cities with residential conversion of office space in order to withstand the negative effects of climate change. It investigates the nature and extent of sustainable conversion in a number of global cities, as well as the political, economic, social, technological, environmental, and legal drivers and barriers to successful conversion. The book also identifies the key lessons learned through international comparisons with cases in the UK, US, Australia, and the Netherlands. Building Urban Resilience Through Change of Use covers the benefits and aspects of sustainable conversion adaptation through the whole lifecycle from inception, planning, and design, to procurement, construction, and management and operational issues. It illustrates and quantifies, through empirical research, the changes that have been achieved or delivered in sustainable conversion adaptation. The book gives an overview of all aspects of performance characteristics and the conversion adaptation of existing buildings. In the end, it enables planners to make more informed decisions about whether conversion adaptation is a good choice—and if so, which types of sustainability measures are best suited for projects. Provides detailed, empirical knowledge based on real-world research undertaken in five countries over three continents on both a citywide scale and on individual buildings Case studies and exemplars demonstrate the application of the knowledge in North and South America, Canada, Australia, New Zealand, and in Europe Addresses the key themes of technology, finance and procurement, and the regulatory framework The first research-based book to examine how to improve resilience to climate change through sustainable reuse of buildings, Building Urban Resilience Through Change of Use is a welcome book for researchers and academics involved in building surveying, urban development, and sustainability planning"-- |
| 520 ## - SUMMARY, ETC. |
| Summary, etc |
"Describes all aspects of sustainable conversion adaptation of existing buildings and provides solutions for making urban settlements resilient to climate change"-- |
| 650 #0 - SUBJECT ADDED ENTRY--TOPICAL TERM |
| Topical term or geographic name as entry element |
Sustainable urban development. |
| 650 #7 - SUBJECT ADDED ENTRY--TOPICAL TERM |
| Topical term or geographic name as entry element |
BUSINESS & ECONOMICS / Development / Sustainable Development. |
| Source of heading or term |
bisacsh |
| 700 1# - ADDED ENTRY--PERSONAL NAME |
| Personal name |
Wilkinson, Sara, |
| Dates associated with a name |
1961- |
| Relator term |
editor. |
| 700 1# - ADDED ENTRY--PERSONAL NAME |
| Personal name |
Remøy, Hilde Therese, |
| Dates associated with a name |
1972- |
| Relator term |
editor. |
| 776 08 - ADDITIONAL PHYSICAL FORM ENTRY |
| Display text |
Online version: |
| Title |
Building urban resilience through change of use |
| Place, publisher, and date of publication |
Hoboken : Wiley-Blackwell, 2018 |
| International Standard Book Number |
9781119231431 |
| Record control number |
(DLC) 2018012520 |
| 942 ## - ADDED ENTRY ELEMENTS (KOHA) |
| Source of classification or shelving scheme |
|